Intellectual property and business : (Record no. 211434)
[ view plain ]
| 000 -LEADER | |
|---|---|
| fixed length control field | 00808nam a2200241Ia 4500 |
| 003 - CONTROL NUMBER IDENTIFIER | |
| control field | OSt |
| 005 - DATE AND TIME OF LATEST TRANSACTION | |
| control field | 20230727112846.0 |
| 008 - FIXED-LENGTH DATA ELEMENTS--GENERAL INFORMATION | |
| fixed length control field | 210716s2014 xx 000 0 und d |
| 020 ## - INTERNATIONAL STANDARD BOOK NUMBER | |
| International Standard Book Number | 9788132117919 |
| 040 ## - CATALOGING SOURCE | |
| Transcribing agency | AIMIT LIBRARY |
| 041 ## - LANGUAGE CODE | |
| Language code of text/sound track or separate title | eng |
| 082 ## - DEWEY DECIMAL CLASSIFICATION NUMBER | |
| Classification number | 346.048 |
| Edition number | 1 |
| Item number | RYDR |
| 100 ## - MAIN ENTRY--PERSONAL NAME | |
| Personal name | Ryder, Rodney D. |
| 9 (RLIN) | 128600 |
| 245 ## - TITLE STATEMENT | |
| Title | Intellectual property and business : |
| Remainder of title | power of intangible assets / |
| Statement of responsibility, etc. | By Rodney D Ryder and Ashwin Madhavan. |
| 250 ## - EDITION STATEMENT | |
| Edition statement | 1st ed. |
| 260 ## - PUBLICATION, DISTRIBUTION, ETC. | |
| Place of publication, distribution, etc. | New Delhi : |
| Name of publisher, distributor, etc. | Sage Publications , |
| Date of publication, distribution, etc. | 2014. |
| 300 ## - PHYSICAL DESCRIPTION | |
| Extent | xii,304p. ; |
| Other physical details | PB |
| Dimensions | 21.2 cm. |
| 651 ## - SUBJECT ADDED ENTRY--GEOGRAPHIC NAME | |
| Geographic name | Intellectual asset management |
| 9 (RLIN) | 128601 |
| 651 ## - SUBJECT ADDED ENTRY--GEOGRAPHIC NAME | |
| Geographic name | Intellectual property licensing |
| 9 (RLIN) | 128602 |
| 651 ## - SUBJECT ADDED ENTRY--GEOGRAPHIC NAME | |
| Geographic name | Royalty and intellectual property |
| 9 (RLIN) | 128603 |
| 700 ## - ADDED ENTRY--PERSONAL NAME | |
| Personal name | Madhavan, Ashwin. |
| 9 (RLIN) | 128604 |
| 942 ## - ADDED ENTRY ELEMENTS (KOHA) | |
| Source of classification or shelving scheme | Dewey Decimal Classification |
| Koha item type | Book |
| Edition | 1st |
| Call number prefix | 346.048 RYDR |
| Withdrawn status | Lost status | Source of classification or shelving scheme | Damaged status | Not for loan | Collection code | Home library | Current library | Date acquired | Cost, normal purchase price | Inventory number | Total Checkouts | Full call number | Barcode | Date last seen | Date last checked out | Cost, replacement price | Price effective from | Koha item type |
|---|---|---|---|---|---|---|---|---|---|---|---|---|---|---|---|---|---|---|
| Dewey Decimal Classification | MBA | St Aloysius Institute of Management & Information Technology | St Aloysius Institute of Management & Information Technology | 11/09/2010 | 645.00 | Bill no:RTPL/AIMIT/236; Bill dt: | 1 | 346.048 RYDR | MBA14003 | 05/23/2026 | 02/06/2025 | 516.00 | 07/16/2021 | Book |